[Event "Andujar op"]
[Site "Andujar"]
[Date "2025.06.27"]
[Round "1"]
[White "Brodowski, Piotr"]
[Black "Jurkina, Yulia"]
[Result "1-0"]
[WhiteElo "2452"]
[BlackElo "1942"]
[PlyCount "65"]
[EventDate "2025.06.27"]
[EventType "swiss"]
[EventRounds "9"]
[EventCountry "ESP"]
[SourceTitle "CB28_2025"]
[SourceDate "2025.07.09"]
[SourceVersion "1"]
[SourceVersionDate "2025.07.09"]
[SourceQuality "1"]

1. e4 c5 2. Nf3 Nc6 3. Bb5 d6 4. 0-0 Bd7 5. Re1 Nf6 6. c3 a6 7. Bf1 Bg4 8. h3 Bxf3 9. Qxf3 e6 10. Qg3 Be7 11. Qxg7 Rg8 12. Qh6 Rg6 13. Qe3 Qd7 14. Na3 0-0-0 15. b4 d5 16. bxc5 Nxe4 17. d4 Bh4 18. Re2 f5 19. Rb1 Rf8 20. Qf3 f4 21. Nc4 Qc7 22. Rxe4 dxe4 23. Qxe4 Be7 24. Be2 Rf5 25. Bf3 Nd8 26. Rb6 Nc6 27. Rb3 Rff6 28. Ne5 Nxe5 29. dxe5 Rf8 30. Rxb7 Qxc5 31. Rb8+ Kd7 32. Qb7+ Qc7 33. Bc6# 1-0

[Event "AUT-chT Blitz"]
[Site "Pasching"]
[Date "2025.05.31"]
[Round "8.8"]
[White "Brodowski, Piotr"]
[Black "Hansen, Eric"]
[Result "1-0"]
[WhiteElo "2450"]
[BlackElo "2609"]
[PlyCount "73"]
[EventDate "2025.05.31"]
[EventType "team-swiss (blitz)"]
[EventRounds "13"]
[EventCountry "AUT"]
[SourceTitle "CB23_2025"]
[SourceDate "2025.06.04"]
[SourceVersion "1"]
[SourceVersionDate "2025.06.04"]
[SourceQuality "1"]
[WhiteTeam "Krakow Kingsofchess"]
[BlackTeam "JEEG"]
[WhiteTeamCountry "POL"]
[BlackTeamCountry "ESP"]

1. c4 e5 2. g3 Nf6 3. Bg2 d5 4. cxd5 Nxd5 5. Nc3 Nb6 6. Nf3 Nc6 7. 0-0 Be7 8. a4 a5 9. d3 Be6 10. Be3 Nd5 11. Bd2 0-0 12. Nb5 Qd7 13. Rc1 Rac8 14. Rxc6 Qxc6 15. Na7 Qb6 16. Nxc8 Rxc8 17. Nxe5 Qxb2 18. Nc4 Qa2 19. Nxa5 Ra8 20. Nxb7 Rxa4 21. Qc1 h6 22. Qc6 Ra6 23. Qe8+ Bf8 24. Bxd5 Bxd5 25. Bb4 Kh7 26. Bxf8 Bxb7 27. Qe5 Rf6 28. Qxc7 Ba8 29. Qe5 Qa6 30. Ra1 Qc6 31. f3 Rg6 32. Bb4 Bb7 33. Bc3 f6 34. Qd4 h5 35. Bd2 Qe6 36. Qe3 Qd5 37. Rb1 1-0

[Event "AUT-chT Blitz"]
[Site "Pasching"]
[Date "2025.05.31"]
[Round "5.12"]
[White "Horvath, Dominik"]
[Black "Brodowski, Piotr"]
[Result "1/2-1/2"]
[WhiteElo "2532"]
[BlackElo "2450"]
[PlyCount "142"]
[EventDate "2025.05.31"]
[EventType "team-swiss (blitz)"]
[EventRounds "13"]
[EventCountry "AUT"]
[SourceTitle "CB23_2025"]
[SourceDate "2025.06.04"]
[SourceVersion "1"]
[SourceVersionDate "2025.06.04"]
[SourceQuality "1"]
[WhiteTeam "SpaceBar Crushers"]
[BlackTeam "Krakow Kingsofchess"]
[WhiteTeamCountry "AUT"]
[BlackTeamCountry "POL"]

1. d4 Nf6 2. c4 c5 3. e3 g6 4. Nc3 Bg7 5. g3 cxd4 6. Qxd4 Nc6 7. Qd1 0-0 8. Bg2 d6 9. Nge2 Bg4 10. h3 Be6 11. b3 Qd7 12. Bb2 Rac8 13. Rc1 Rfd8 14. Nf4 Bf5 15. g4 Be6 16. g5 Ne8 17. Qd2 Ne5 18. Nfd5 Bxd5 19. Nxd5 e6 20. Nc3 Qe7 21. f4 Nc6 22. 0-0 f6 23. h4 fxg5 24. hxg5 Nc7 25. Ne4 Ne8 26. Bxg7 Qxg7 27. Bh3 Qf7 28. Qb2 Ne7 29. Nf6+ Nxf6 30. Qxf6 Nf5 31. e4 Qxf6 32. gxf6 Nd4 33. Rcd1 e5 34. Bxc8 Rxc8 35. Kg2 Kf7 36. Rd3 Re8 37. Rh3 h5 38. f5 Rg8 39. fxg6+ Rxg6+ 40. Kh2 Rg5 41. Rg1 Kxf6 42. Rxg5 Kxg5 43. Rg3+ Kf4 44. Rg7 Kxe4 45. Rxb7 Kd3 46. Rxa7 e4 47. Re7 e3 48. Kg2 Kd2 49. b4 e2 50. Kf2 h4 51. b5 h3 52. Re4 Kd3 53. Re3+ Kxc4 54. Rxh3 Kxb5 55. Ke1 Kc4 56. Kd2 d5 57. a4 Kc5 58. a5 Kb5 59. Rd3 e1Q+ 60. Kxe1 Nc2+ 61. Kd2 Nb4 62. Ra3 Na6 63. Kc3 Kc5 64. Ra4 Kb5 65. Ra1 Nc5 66. Ra2 Na6 67. Kd4 Nb4 68. a6 Nxa6 69. Rb2+ Kc6 70. Rc2+ Kd6 71. Rh2 Nc7 1/2-1/2

[Event "AUT-chT Blitz"]
[Site "Pasching"]
[Date "2025.05.31"]
[Round "9.4"]
[White "Movsesian, Sergei"]
[Black "Brodowski, Piotr"]
[Result "1-0"]
[WhiteElo "2598"]
[BlackElo "2450"]
[PlyCount "121"]
[EventDate "2025.05.31"]
[EventType "team-swiss (blitz)"]
[EventRounds "13"]
[EventCountry "AUT"]
[SourceTitle "CB23_2025"]
[SourceDate "2025.06.04"]
[SourceVersion "1"]
[SourceVersionDate "2025.06.04"]
[SourceQuality "1"]
[WhiteTeam "Linz ASV II"]
[BlackTeam "Krakow Kingsofchess"]
[WhiteTeamCountry "AUT"]
[BlackTeamCountry "POL"]

1. e4 g6 2. d4 Bg7 3. Nc3 d6 4. Be3 a6 5. a4 Nd7 6. Nf3 Ngf6 7. h3 0-0 8. Bc4 Nb6 9. Bb3 a5 10. 0-0 c6 11. Re1 Qc7 12. Qd2 Nfd7 13. Bh6 e5 14. Bxg7 Kxg7 15. Rad1 f6 16. Ne2 Re8 17. Ng3 Nf8 18. Qc3 Be6 19. d5 Bf7 20. dxc6 bxc6 21. Bxf7 Kxf7 22. Rd3 Kg7 23. Red1 Red8 24. Nh4 Nxa4 25. Qa3 Nc5 26. Rxd6 Nce6 27. c3 Rxd6 28. Rxd6 Rd8 29. Rxd8 Qxd8 30. Kh2 Kf7 31. Nf3 Qb6 32. Kg1 Nf4 33. b4 Nd3 34. Qa2+ Ne6 35. bxa5 Qa7 36. Nf1 Ndc5 37. N1d2 Ke7 38. Qa3 Kf7 39. Qa2 Ke7 40. h4 Nf4 41. Nf1 Nfe6 42. Ng3 Nb7 43. Qa3+ Nec5 44. Qa2 Ne6 45. Qa4 Qa6 46. h5 Nec5 47. Qa2 Ne6 48. hxg6 hxg6 49. Nh4 Qxa5 50. Nxg6+ Kf7 51. Qc4 Qc5 52. Qa2 Nbd8 53. Nh4 Qxc3 54. Qa7+ Ke8 55. Nhf5 Qc1+ 56. Kh2 Qc5 57. Qh7 Qf8 58. Nh5 Ng5 59. Qc7 Qh8 60. Nd6+ Kf8 61. Qxd8# 1-0

[Event "PlusCity Grand Prix Rapid"]
[Site "Pasching"]
[Date "2025.05.30"]
[Round "3"]
[White "Brodowski, Piotr"]
[Black "Meier, Georg"]
[Result "1-0"]
[WhiteElo "2450"]
[BlackElo "2596"]
[PlyCount "113"]
[EventDate "2025.05.30"]
[EventType "swiss (rapid)"]
[EventRounds "9"]
[EventCountry "AUT"]
[SourceTitle "CB23_2025"]
[SourceDate "2025.06.04"]
[SourceVersion "1"]
[SourceVersionDate "2025.06.04"]
[SourceQuality "1"]

1. c4 b6 2. Nf3 Bb7 3. g3 Bxf3 4. exf3 c5 5. d4 Nc6 6. dxc5 bxc5 7. Bg2 Rc8 8. b3 e6 9. Bb2 Nge7 10. Nd2 Nf5 11. 0-0 Be7 12. Ne4 0-0 13. f4 Nfd4 14. Bc3 a5 15. a3 Rb8 16. Rb1 d5 17. Nd2 Bf6 18. cxd5 exd5 19. Nf3 Nb5 20. Bxf6 Qxf6 21. Qxd5 Nc3 22. Qxc5 Nxb1 23. Rxb1 Rfc8 24. Qd5 Rd8 25. Qc4 Nd4 26. Nxd4 Qxd4 27. Bf1 Qb6 28. a4 Rd2 29. Be2 g6 30. Kf1 Qb7 31. Kg1 Rc8 32. Qb5 Qc7 33. Bc4 Kg7 34. Re1 Rb8 35. Qe5+ Qxe5 36. Rxe5 Rb7 37. Rxa5 Rbd7 38. Re5 Ra2 39. Re2 Ra1+ 40. Kg2 Kf6 41. h4 h5 42. Kf3 Rd8 43. Rc2 Rb8 44. Rd2 Rb7 45. Rd6+ Ke7 46. Rd5 Kf6 47. a5 Re7 48. a6 Ra2 49. Rd6+ Kg7 50. Rb6 Kf8 51. Rb8+ Re8 52. Rb7 Re7 53. b4 Ra3+ 54. Kg2 Ra4 55. b5 Rxc4 56. Rxe7 Kxe7 57. a7 1-0

[Event "PlusCity Grand Prix Blitz"]
[Site "Pasching"]
[Date "2025.05.29"]
[Round "13"]
[White "Kadric, Denis"]
[Black "Brodowski, Piotr"]
[Result "0-1"]
[WhiteElo "2536"]
[BlackElo "2450"]
[PlyCount "82"]
[EventDate "2025.05.29"]
[EventType "swiss (blitz)"]
[EventRounds "13"]
[EventCountry "AUT"]
[SourceTitle "CB23_2025"]
[SourceDate "2025.06.04"]
[SourceVersion "1"]
[SourceVersionDate "2025.06.04"]
[SourceQuality "1"]

1. e4 c5 2. Nc3 Nc6 3. Nge2 g6 4. d4 cxd4 5. Nxd4 Bg7 6. Be3 Nf6 7. Bc4 0-0 8. Bb3 d6 9. f3 Nxd4 10. Bxd4 Qa5 11. Qd2 Be6 12. 0-0-0 b5 13. Kb1 b4 14. Nd5 Bxd5 15. exd5 Qb5 16. Qd3 Qxd3 17. Rxd3 Nd7 18. Bxg7 Kxg7 19. Re3 Nc5 20. Rxe7 Rfe8 21. Rhe1 Rxe7 22. Rxe7 Kf6 23. Re3 a5 24. Bc4 g5 25. Bb5 h5 26. a3 Rb8 27. Bc6 g4 28. f4 h4 29. g3 hxg3 30. hxg3 Rh8 31. b3 Rh1+ 32. Kb2 Rf1 33. axb4 axb4 34. Re8 Rf3 35. Rd8 Ke7 36. Re8+ Kf6 37. Rd8 Ne4 38. Rb8 Nxg3 39. Rxb4 Nf5 40. Rb8 g3 41. Rg8 Ng7 0-1

[Event "Legnica Voivoda Cup 39th"]
[Site "Legnica"]
[Date "2025.05.25"]
[Round "7"]
[White "Akhvlediani, Irakli"]
[Black "Brodowski, Piotr"]
[Result "1/2-1/2"]
[WhiteElo "2398"]
[BlackElo "2450"]
[PlyCount "60"]
[EventDate "2025.05.20"]
[EventType "tourn"]
[EventRounds "9"]
[EventCountry "POL"]
[EventCategory "6"]
[SourceTitle "CB22_2025"]
[SourceDate "2025.05.28"]
[SourceVersion "1"]
[SourceVersionDate "2025.05.28"]
[SourceQuality "1"]

1. Nf3 Nf6 2. c4 b6 3. g3 Bb7 4. Bg2 g6 5. b3 Bg7 6. Bb2 0-0 7. 0-0 d6 8. d4 Nbd7 9. Qc2 c5 10. d5 b5 11. e4 bxc4 12. bxc4 Qa5 13. Bc3 Qa6 14. Nbd2 Nb6 15. a4 Bc8 16. Rfe1 Rb8 17. Bf1 e5 18. a5 Na8 19. Rab1 Bd7 20. Rb2 Rfc8 21. Reb1 Rxb2 22. Qxb2 Nc7 23. Bd3 Nfe8 24. Ne1 Ra8 25. Qb7 Qxb7 26. Rxb7 Bc8 27. Rb2 Na6 28. Nc2 Rb8 29. Rxb8 Nxb8 30. Na3 a6 1/2-1/2

[Event "Legnica Voivoda Cup 39th"]
[Site "Legnica"]
[Date "2025.05.20"]
[Round "1"]
[White "Brodowski, Piotr"]
[Black "Kejna, Piotr"]
[Result "1/2-1/2"]
[WhiteElo "2450"]
[BlackElo "2290"]
[PlyCount "61"]
[EventDate "2025.05.20"]
[EventType "tourn"]
[EventRounds "9"]
[EventCountry "POL"]
[EventCategory "6"]
[SourceTitle "CB22_2025"]
[SourceDate "2025.05.28"]
[SourceVersion "1"]
[SourceVersionDate "2025.05.28"]
[SourceQuality "1"]

1. d4 Nf6 2. c4 g6 3. Nc3 Bg7 4. e4 d6 5. Be2 0-0 6. Be3 e5 7. d5 a5 8. g4 Na6 9. g5 Nd7 10. h4 f5 11. gxf6 Qxf6 12. Nf3 Ndc5 13. Rg1 a4 14. Rg3 Qe7 15. Qd2 Rf4 16. h5 Rxe4 17. hxg6 h5 18. Nxe4 Nxe4 19. Qc2 Nxg3 20. fxg3 e4 21. Nd4 a3 22. b3 Qe5 23. 0-0-0 Nc5 24. Bf4 Qf6 25. b4 Nd3+ 26. Bxd3 Qxd4 27. Bxe4 Qa1+ 28. Kd2 Qd4+ 29. Kc1 Qa1+ 30. Kd2 Qd4+ 31. Kc1 1/2-1/2

[Event "Titled Tuesday intern op 04th Mar Early"]
[Site "Chess.com INT"]
[Date "2025.03.04"]
[Round "1"]
[White "Brodowski, Piotr"]
[Black "Alonso, Raphael VP Patricio"]
[Result "1/2-1/2"]
[WhiteElo "2458"]
[BlackElo "2130"]
[PlyCount "111"]
[EventDate "2025.03.04"]
[EventType "swiss (blitz)"]
[EventRounds "11"]
[EventCountry "USA"]
[SourceTitle "CB11_2025"]
[SourceDate "2025.03.12"]
[SourceVersion "1"]
[SourceVersionDate "2025.03.12"]
[SourceQuality "1"]

1. d4 g6 2. e4 Bg7 3. Nc3 d6 4. Be3 a6 5. h4 h6 6. g4 b5 7. Bg2 Bb7 8. Nge2 Nd7 9. Ng3 e6 10. Qd2 Rc8 11. 0-0-0 Nb6 12. d5 Nc4 13. Qe2 Nxb2 14. Kxb2 b4 15. Bd2 bxc3+ 16. Bxc3 Bxc3+ 17. Kxc3 Qf6+ 18. e5 Qxe5+ 19. Qxe5 dxe5 20. Rhe1 Bxd5 21. Bxd5 exd5 22. Rxe5+ Kf8 23. Rdxd5 Nf6 24. Rd4 c6 25. Ra4 Kg7 26. f3 Nd5+ 27. Kd3 Rhe8 28. Rxe8 Rxe8 29. Ne4 f5 30. gxf5 gxf5 31. Nd6 Re3+ 32. Kd2 Rxf3 33. Rxa6 Rf2+ 34. Kc1 Nb4 35. Ra7+ Kf6 36. a3 Nxc2 37. Rf7+ Ke6 38. Rxf5 Rh2 39. Rc5 Kxd6 40. Rxc2 Rxh4 41. Kb2 Rh3 42. a4 h5 43. a5 Kc7 44. a6 Kb6 45. a7 Kxa7 46. Rxc6 h4 47. Rh6 Kb7 48. Kc2 Kc7 49. Kd2 Kd7 50. Ke2 Ke7 51. Kf2 Kf7 52. Kg2 Rg3+ 53. Kh2 Rg4 54. Kh3 Rb4 55. Rxh4 Rxh4+ 56. Kxh4 1/2-1/2

[Event "Titled Tuesday intern op 04th Mar Early"]
[Site "Chess.com INT"]
[Date "2025.03.04"]
[Round "3"]
[White "Brodowski, Piotr"]
[Black "Baches Garcia, Guillermo"]
[Result "1-0"]
[WhiteElo "2458"]
[BlackElo "2312"]
[PlyCount "83"]
[EventDate "2025.03.04"]
[EventType "swiss (blitz)"]
[EventRounds "11"]
[EventCountry "USA"]
[SourceTitle "CB11_2025"]
[SourceDate "2025.03.12"]
[SourceVersion "1"]
[SourceVersionDate "2025.03.12"]
[SourceQuality "1"]

1. g3 d5 2. Bg2 e6 3. d3 Nf6 4. Nd2 Be7 5. e4 a5 6. Qe2 a4 7. a3 c5 8. Ngf3 Nc6 9. 0-0 h6 10. Re1 0-0 11. e5 Nh7 12. h4 b5 13. Nf1 b4 14. N1h2 c4 15. Ng4 f5 16. exf6 Nxf6 17. Nxf6+ Bxf6 18. dxc4 Qb6 19. axb4 Nxb4 20. c3 Nc6 21. Be3 Qc7 22. Nd4 Ne5 23. cxd5 Ba6 24. Nxe6 Qf7 25. Qd1 Nd3 26. Re2 Ne5 27. Bd4 Bxe2 28. Qxe2 Nd7 29. Bxf6 Qxf6 30. f4 Rfb8 31. Nd4 Nf8 32. Nc6 Re8 33. Qd3 Qd6 34. c4 Qc5+ 35. Qd4 Qd6 36. c5 Qg6 37. Qd2 Qxg3 38. Ne5 Qxh4 39. d6 Qf6 40. d7 Red8 41. Bxa8 Qf5 42. Bg2 1-0

[Event "Titled Tuesday intern op 25th Feb Early"]
[Site "Chess.com INT"]
[Date "2025.02.25"]
[Round "6"]
[White "Brodowski, Piotr"]
[Black "Turzo, Attila"]
[Result "1-0"]
[WhiteElo "2460"]
[BlackElo "2248"]
[PlyCount "151"]
[EventDate "2025.02.25"]
[EventType "swiss (blitz)"]
[EventRounds "11"]
[EventCountry "USA"]
[SourceTitle "CB10_2025"]
[SourceDate "2025.03.05"]
[SourceVersion "1"]
[SourceVersionDate "2025.03.05"]
[SourceQuality "1"]

1. e4 c5 2. b3 b6 3. Bb2 Bb7 4. Qe2 e6 5. f4 Nc6 6. Nf3 d6 7. g4 Nf6 8. g5 Nd7 9. Bg2 h6 10. g6 fxg6 11. Bh3 Qe7 12. Rg1 Qf7 13. Nc3 Be7 14. 0-0-0 0-0-0 15. Kb1 Kb8 16. Qg2 Qxf4 17. Bxe6 Nce5 18. Nxe5 Nxe5 19. Bd5 Bc8 20. Ne2 Qg5 21. Qf2 Rhf8 22. Qe1 Qf6 23. d4 Nf3 24. dxc5 Qxb2+ 25. Kxb2 Nxe1 26. Rdxe1 Bf6+ 27. Kb1 bxc5 28. Rxg6 Bd7 29. Ng3 Rde8 30. c4 Re5 31. Kc2 Rfe8 32. Rf1 Bh3 33. Rfxf6 gxf6 34. Rxh6 Be6 35. Rxf6 Bxd5 36. cxd5 Kc7 37. h4 Rg8 38. Rf7+ Kb6 39. Rf3 Kc7 40. Kd3 Rg4 41. Rf7+ Kb8 42. Rf3 Rxh4 43. Nf5 Rhxe4 44. Nxd6 Rd4+ 45. Kc3 Rdxd5 46. Rf8+ Kc7 47. Nc4 Re4 48. Rf7+ Rd7 49. Rf5 Kc6 50. Ne5+ Rxe5 51. Rxe5 Rd5 52. Re6+ Rd6 53. Re7 Rd7 54. Re8 Kb5 55. a4+ Kb6 56. Re6+ Kc7 57. Ra6 Kb7 58. Rh6 Rf7 59. Kc4 Rf3 60. Rh5 Rf4+ 61. Kxc5 Rf7 62. b4 Rg7 63. Kb5 Rf7 64. Ka5 Rg7 65. Re5 Rf7 66. b5 Rg7 67. Kb4 Rf7 68. Kc5 Rh7 69. a5 Rc7+ 70. Kb4 Rd7 71. a6+ Kc7 72. Rc5+ Kb8 73. Ka5 Rh7 74. Rg5 Rh6 75. Rg8+ Kc7 76. Ra8 1-0

[Event "Titled Tuesday intern op 25th Feb Early"]
[Site "Chess.com INT"]
[Date "2025.02.25"]
[Round "5"]
[White "Yurtseven, Can"]
[Black "Brodowski, Piotr"]
[Result "0-1"]
[WhiteElo "2239"]
[BlackElo "2460"]
[PlyCount "50"]
[EventDate "2025.02.25"]
[EventType "swiss (blitz)"]
[EventRounds "11"]
[EventCountry "USA"]
[SourceTitle "CB10_2025"]
[SourceDate "2025.03.05"]
[SourceVersion "1"]
[SourceVersionDate "2025.03.05"]
[SourceQuality "1"]

1. d4 d6 2. Nf3 Bg4 3. Nbd2 Nd7 4. h3 Bh5 5. g4 Bg6 6. Nh4 e6 7. Nxg6 hxg6 8. Bg2 d5 9. c4 c6 10. e4 dxc4 11. Nxc4 Ngf6 12. Qb3 Nb6 13. Be3 Be7 14. 0-0-0 Nxc4 15. Qxc4 Qa5 16. Kb1 0-0-0 17. d5 exd5 18. exd5 Nxd5 19. Bxa7 Qxa7 20. Bxd5 Bf6 21. Bxf7 Qxf2 22. Be6+ Kb8 23. Qb3 Rxd1+ 24. Rxd1 Rxh3 25. Qxh3 Qxb2# 0-1

[Event "Titled Tuesday intern op 04th Feb Late"]
[Site "Chess.com INT"]
[Date "2025.02.04"]
[Round "8"]
[White "Brodowski, Piotr"]
[Black "Deac, Bogdan Daniel"]
[Result "0-1"]
[WhiteElo "2460"]
[BlackElo "2692"]
[PlyCount "80"]
[EventDate "2025.02.04"]
[EventType "swiss (blitz)"]
[EventRounds "11"]
[EventCountry "USA"]
[SourceTitle "CB07_2025"]
[SourceDate "2025.02.12"]
[SourceVersion "1"]
[SourceVersionDate "2025.02.12"]
[SourceQuality "1"]

1. d4 d5 2. Bg5 f6 3. Bh4 Nh6 4. Bg3 Nf5 5. e3 h5 6. Be2 h4 7. Bh5+ Kd7 8. Bg6 e6 9. Bf4 Ne7 10. Qg4 Nxg6 11. Qxg6 Nc6 12. Nf3 Ne7 13. Qf7 h3 14. g4 c6 15. Nc3 Qe8 16. Qxe8+ Kxe8 17. Rg1 g5 18. Bg3 Ng6 19. e4 Bd7 20. 0-0-0 Kf7 21. e5 Bg7 22. exf6 Bxf6 23. Rde1 Raf8 24. Kd2 Kg7 25. Nd1 b6 26. c3 c5 27. Ne5 Nxe5 28. Bxe5 cxd4 29. cxd4 Kg6 30. Bxf6 Rxf6 31. Re5 Rf4 32. Ke3 Rc8 33. Rg3 Rc4 34. Rxh3 Rfxd4 35. Nc3 Kf6 36. Rh7 Kxe5 37. Rxd7 Rxg4 38. Rxa7 d4+ 39. Kd3 dxc3 40. bxc3 Rcf4 0-1

[Event "Titled Tuesday intern op 04th Feb Late"]
[Site "Chess.com INT"]
[Date "2025.02.04"]
[Round "6"]
[White "Brodowski, Piotr"]
[Black "Pranav, V."]
[Result "0-1"]
[WhiteElo "2460"]
[BlackElo "2615"]
[PlyCount "96"]
[EventDate "2025.02.04"]
[EventType "swiss (blitz)"]
[EventRounds "11"]
[EventCountry "USA"]
[SourceTitle "CB07_2025"]
[SourceDate "2025.02.12"]
[SourceVersion "1"]
[SourceVersionDate "2025.02.12"]
[SourceQuality "1"]

1. d4 Nf6 2. Bg5 d5 3. Nd2 c6 4. e3 Bf5 5. c4 e6 6. Ngf3 Nbd7 7. Qb3 Qb6 8. Nh4 Bg6 9. Nxg6 hxg6 10. h3 Be7 11. Bf4 0-0 12. Be2 c5 13. dxc5 Nxc5 14. Qxb6 axb6 15. 0-0 Na4 16. Rab1 Rfc8 17. Rfc1 Nc5 18. a3 Na4 19. Rc2 dxc4 20. Rxc4 Nd5 21. Be5 f6 22. Bg3 Kf7 23. Kf1 Rxc4 24. Bxc4 Rd8 25. Nb3 f5 26. Nd4 Bf6 27. Nf3 Nxb2 28. Ne5+ Bxe5 29. Bxd5 Bxg3 30. Rxb2 Be5 31. Bxe6+ Kxe6 32. Rxb6+ Rd6 33. Rxb7 Ra6 34. Rb3 Bd6 35. g4 f4 36. exf4 Bxf4 37. Kg2 Bd6 38. Re3+ Kf6 39. h4 Rxa3 40. Rxa3 Bxa3 41. f4 Bc1 42. Kf3 Ke6 43. Ke4 Bd2 44. g5 Bc1 45. h5 gxh5 46. f5+ Kf7 47. f6 g6 48. Kf3 Bxg5 0-1